00694nam a22002177a 450000500170000001000390001702000260005603500160008203500130009803500130011103500130012403700140013703700130015108200120016410000240017624500470020026000430024727000720029030000280036250000860039020190108105131.0 aB-492816 B-524231 B-713041 c399.00a9781612680194 aB-492816  aB-524231 aB-713041 aB-713057 bUBH / VEN bRK Books a320.024 aKiyosaki, Robert T. aRich dad poor dad /cby Robert T. Kiyosaki aScottsdale, AZbPlata Publishingc2017 a4330 N. Civic Center Plaza, Suite 100bScottsdale, AZe(480)9986971 a250p.a351p.c17cm(pbk) aWhat the rich teach their kids about money- that the poor and middle class do not